Türk Ticaret Kanunu ve ilgili mevzuat (Record no. 4708)

MARC details
000 -BAŞLIK
Sabit Uzunlukta Kontrol Alanı 00743na a2200265 4500
001 - KONTROL NUMARASI
Denetim Alanı 17252
003 - KONTROL NUMARASI IDENTIFIER
Denetim Alanı MIRAKIL
005 - SON İŞLEM TARİHİ VE ZAMANI
Denetim Alanı 20181213155015.0
008 - SABİT-BOY VERİ ELEMANLARI - GENEL BİLGİLER
Sabit Uzunlukta Kontrol Alanı 161023b tu 000 0
020 ## - ULUSLARARASI STANDART KİTAP NUMARASI
Uluslararası Standart Kitap Numarası 975347119X
040 ## - KATALOGLAMA KAYNAK
Orijinal Kataloglama Ajansı Milas
Kataloglama Dili tur
Metne Dönüştürmek Ajansı TR-AnCHP
041 ## - DİL KODU
Metin / Ses Parça Veya Ayrı Başlığın Dil Kodu tur
082 ## - DEWEY ONLU SINIFLANDIRMA NUMARASI
Sınıflandırma Numarası 346.0702632
Ürün Numarası Y35t 1999
090 ## - SINIFLAMA NUMARASI
Sınıflama Numarası 346.0702632 Y35t 1999
100 ## - ANA GİRİŞ - KİŞİSEL İSİM
Kişisel Ad Yener, M. Serhat
245 ## - BAŞLIK TABLOSU
Başlık Türk Ticaret Kanunu ve ilgili mevzuat
Sorumluluk Tablosu, Vb M. Serhat Yener
250 ## - EDITION TABLOSU
Baskı Beyanı 4. bs.
260 ## - YAYIN, DAĞITIM, VB
Yayın, Dağıtım, Vb Yeri Ankara
Yayıncı, Dağıtıcı, Vs Adı Seçkin
Yayın, Dağıtım, Vb Tarihi 1999
300 ## - FİZİKSEL TANIM
Kapsam 684 s.
Boyutlar 14 sm.
490 ## - SERİSİ TABLOSU
Seri Beyanı Kanun Metinleri serisi
Hacim / Ardışık Tanımı 25
650 ## - KONU KATMA GİRİŞ - TOPİKAL DÖNEM
Topikal Süreli Veya Coğrafi Ad Giriş Elemanı Bankacılık hukuku
Genel Alt Bölümü Kanunlar
Coğrafi Alt Bölümü Türkiye
650 ## - KONU KATMA GİRİŞ - TOPİKAL DÖNEM
Topikal Süreli Veya Coğrafi Ad Giriş Elemanı Ticaret hukuku
Genel Alt Bölümü Kanunlar
Coğrafi Alt Bölümü Türkiye
942 ## - EKLENDİ GİRİŞ ELEMANLARI (KOHA)
Sınıflandırma Veya Raf Düzeni Kaynak Dewey Decimal Classification
Koha Öğesi Türü Books
999 ## - SİSTEM KONTROL NUMARALARI (KOHA)
Koha Biblionumber 4708
Koha Biblioitemnumber 4708
657 ## - INDEX SÜRE - İŞLEVİ
-- Türk Ticaret Kanunu
Holdings
Kalıcı Konum Mevcut Konum Edinme Tarihi Edinim Kaynak Toplam Check-Out'Lar Tam Çağrı Numarası Barkod Tarih Son Görülme İtibaren Geçerli Fiyatlar Koha Öğesi Türü
CHP Kütüphanesi CHP Kütüphanesi 10/23/2016 Bağış   346.0702632 Y35t 1999 008069 10/23/2016 10/23/2016 Books